000 00626nam a2200277Ia 4500
005 20260320195907.0
008 008 262003s9999 xx 000 0 hin d
020 _a9789388183307
037 _aEBOOK
040 _aCRL
040 _bhin
040 _cCRL
041 _2hin
041 _ahin
084 _qCRL
100 _aरोहिणी भाटे
_91133473
245 0 _aलहजा
250 _a1st
260 _bRajkamal
260 _c2018
300 _a340
856 _uhttps://ebook.indiaread.in/pdfs/9789388183307.pdf
942 _cEBOOK
999 _c1717050
_d1717050